| 000 | 01025nam a2200313 a 4500 | ||
|---|---|---|---|
| 999 |
_c142033 _d142033 |
||
| 001 | vtls000691236 | ||
| 003 | PNM | ||
| 005 | 20180728150113.0 | ||
| 008 | 120927s2010 my ao j | 000 0 eng d | ||
| 015 | _aM13-02264 | ||
| 020 |
_a9789675380624 (j. 2) : _qhardback |
||
| 039 | 9 |
_a201306181513 _bmanoriah _c201302191147 _dzuraidahm _c201302191124 _dzuraidahm _c201302071442 _drasidah |
|
| 040 |
_aPNM _beng _cPPAK _dPPAK _erda |
||
| 043 | _aa-my--- | ||
| 049 | _aklpmal | ||
| 082 | 0 | 4 |
_a915.9504 _223 |
| 090 | 0 | 0 |
_a915.9504 _bAYU _dK |
| 100 | 0 |
_aAyuni Rezwan, _4Author |
|
| 245 | 1 | 0 |
_aPANORAMA Malaysia yang Mengagumkan. _nJILID 2 / _cAyuni Rezwan |
| 264 | 1 |
_aSeri Kembangan, Selangor : _bPenerbitan Premier, _c2010 |
|
| 300 |
_aii, 44ms. : _bil. wrn. ; _c31cm. |
||
| 336 |
_2rdacontent _atext |
||
| 337 |
_2rdamedia _aunmediated |
||
| 338 |
_2rdacarrier _avolume |
||
| 490 | 1 |
_aSIRI 100 KEAJAIBAN MALAYSIA _vJILID 2 |
|
| 651 | 0 |
_aMalaysia _xDescription and travel |
|
| 830 | 0 | _aSiri 100 keajaiban Malaysia | |
| 942 |
_2ddc _cB |
||